| 000 | 00966nas a2200325 4500 | ||
|---|---|---|---|
| 001 | BR2014003862 | ||
| 003 | BR-BrBNA | ||
| 005 | 20231205124158.0 | ||
| 007 | ta | ||
| 008 | 230509b bl.|||p| |||| 00| 00por d | ||
| 040 |
_aBR-BrBNA _bpor _cBiblioteca Nacional de Agricultura |
||
| 041 | _a(Pt) | ||
| 072 | _aF08; H60 | ||
| 100 | 1 | _aMachado, M.S. | |
| 100 | 1 | _aFerreira, L.R. | |
| 100 | 1 | _aOliveira Neto, S.N. | |
| 100 | 1 | _aFerreira, G.L. | |
| 100 | 1 | _aFontes, D.R. | |
| 100 | 1 | _aMachado, A.F.L. | |
| 245 | 1 | _aMétodos de controle de plantas daninhas e desrama precoce no crescimento do eucalipto em sistema silvipastoril | |
| 650 | _aEUCALIPTO | ||
| 650 | _aERVA DANINHA | ||
| 650 | _aCRESCIMENTO | ||
| 650 | _aAGROSSILVICULTURA | ||
| 650 | _aHERBICIDA | ||
| 650 | _aCAPIM | ||
| 773 | 0 |
_tPlanta Daninha (Brazil) _xISSN 0100-8358 _g(2014), v. 32(1) p. 133-140 _wBR2014003862 |
|
| 909 |
_a202311 _bLúcia _c55 _dLúcia Elande |
||
| 942 |
_2AGRIS _n0 _cANA |
||
| 999 |
_c237702 _d237702 |
||